logo

Bir Sreshtho Munshi Abdur Rouf Library
Jhenaidah Cadet College

The China Hands' legacy : (Record no. 9197)

MARC details
000 -LEADER
fixed length control field 00991pam a2200289 a 4500
001 - CONTROL NUMBER
JCCL Control Number 9197
003 - CONTROL NUMBER IDENTIFIER
JCCL marc code BD-JhCC
005 - DATE AND TIME OF LATEST TRANSACTION
control field 20180319192601.0
008 - FIXED-LENGTH DATA ELEMENTS--GENERAL INFORMATION
fixed length control field 860512s1987 cou b 001 0 eng
020 ## - INTERNATIONAL STANDARD BOOK NUMBER
International Standard Book Number 0813302242 (alk. paper) :
Terms of availability $24.00
035 ## - SYSTEM CONTROL NUMBER
system control number (BD-JhCC)9197
040 ## - CATALOGING SOURCE
Original cataloging agency DLC
Transcribing agency DLC
Modifying agency DLC
-- BD-JhCC
041 ## - LANGUAGE CODE
Language code of Book eng
050 00 - LIBRARY OF CONGRESS CALL NUMBER
Classification number E183.8.C5
Item number C475 1987
082 00 - DEWEY DECIMAL CLASSIFICATION NUMBER
Classification number 327.51073
DDC Edition number 19
Author mark and Year CHI 1987
245 04 - TITLE STATEMENT
Title The China Hands' legacy :
Remainder of title ethics and diplomacy /
Statement of responsibility, etc edited by Paul Gordon Lauren.
260 ## - PUBLICATION, DISTRIBUTION, ETC. (IMPRINT)
Place of publication, distribution, etc Boulder :
Name of publisher, distributor, etc Westview Press,
Date of publication, distribution, etc 1987.
300 ## - PHYSICAL DESCRIPTION
Pagination xi, 196 p. ;
Dimensions 24 cm.
504 ## - BIBLIOGRAPHY, ETC. NOTE
Bibliography, etc Includes bibliographies and index.
650 #0 - SUBJECT ADDED ENTRY--TOPICAL TERM
Topical term or geographic name as entry element Diplomacy
General subdivision Moral and ethical aspects.
651 #0 - SUBJECT ADDED ENTRY--GEOGRAPHIC NAME
Geographic name United States
General subdivision Foreign relations
Geographic subdivision China.
651 #0 - SUBJECT ADDED ENTRY--GEOGRAPHIC NAME
Geographic name China
General subdivision Foreign relations
Geographic subdivision United States.
700 1# - ADDED ENTRY--PERSONAL NAME
Personal name Lauren, Paul Gordon.
856 42 - ELECTRONIC LOCATION AND ACCESS
Materials specified Contributor biographical information
Uniform Resource Identifier http://www.loc.gov/catdir/enhancements/fy0831/86011193-b.html
942 ## - ADDED ENTRY ELEMENTS (KOHA)
Source of classification or shelving scheme Dewey Decimal Classification
Koha item type Books
Holdings
Source of classification or shelving scheme Damaged status Not for loan Home library Current library Shelving location Date of accession Total Checkouts Full call number Barcode Date last seen Copy number Koha item type
Dewey Decimal Classification     JCC Rouf Library JCC Rouf Library General Stacks 03/10/2018   327.51073 CHI 1987 12352 03/10/2018 C - 1 Books

JCC Library | Contacts | JCC Home

Last Update on 23 September 2017
Copyright @ 2017-2020 JCC Rouf Library
Rouf Library, Jhenidah Cadet College (JCC), Bangladesh